| 000 | 00656nam a2200217 a 4500 | ||
|---|---|---|---|
| 001 | 3081 | ||
| 003 | CDMR | ||
| 005 | 20131021140848.0 | ||
| 008 | 130130s1984||||||||||||||||||||||||||||d | ||
| 020 | _a8486153689 | ||
| 040 |
_aCDMR _bcat _cCPC GIRONA |
||
| 100 | 1 |
_aMateo, Rosario de _9104 |
|
| 245 | 1 | 0 |
_aPeriodismo empresarial _b: el consumo de prensa escrita : análisis de caso _cRosario de Mateo |
| 260 |
_c1984 _bMitre _aBarcelona |
||
| 300 | _a141 p. | ||
| 490 | _aTextos de periodismo | ||
| 650 | 0 | 4 |
_94119 _aEmpreses periodístiques _zCatalunya |
| 650 | 0 | 4 |
_93846 _aDiaris _xCirculació |
| 650 | 0 | 4 |
_94146 _aPremsa _xAspectes econòmics |
| 942 |
_cMON _2udc |
||
| 999 |
_c3081 _d3081 |
||